Volné ekonomické zóny
Budovanie a rozvoj rôznych typov voľných ekonomických zón vo svete. Voľné colné zóny (VCZ), voľné zóny produkčného typu (zóny exportnej produkcie - ZEP). Náklady investorov na budovanie zón voľného obchodu v jednotlivých oblastiach sveta.
Guardado en:
| Formato: | Capítulo de libro |
|---|---|
| Lenguaje: | checo |
| Materias: | |
| Etiquetas: |
Sin Etiquetas, Sea el primero en etiquetar este registro!
|
MARC
| LEADER | 00000naa a2200000 4500 | ||
|---|---|---|---|
| 001 | r018696 | ||
| 005 | 20221208131208.5 | ||
| 041 | 0 | |a cze | |
| 044 | |a CZ | ||
| 245 | 1 | 0 | |a Volné ekonomické zóny |
| 520 | |a Budovanie a rozvoj rôznych typov voľných ekonomických zón vo svete. Voľné colné zóny (VCZ), voľné zóny produkčného typu (zóny exportnej produkcie - ZEP). Náklady investorov na budovanie zón voľného obchodu v jednotlivých oblastiach sveta. | ||
| 610 | 2 | 0 | |a oblasti obchodu voľného |
| 610 | 2 | 0 | |a zóny |
| 610 | 2 | 0 | |a hospodárstvo svetové |
| 610 | 2 | 0 | |a náklady investičné |
| 610 | 2 | 0 | |a investori |